| 000 | 00500nam a2200157Ia 4500 | ||
|---|---|---|---|
| 008 | 210716s2007 xx 000 0 und d | ||
| 020 | _a9788126508044 | ||
| 041 | _aeng | ||
| 082 | _a003.55 MARJ | ||
| 100 | _aMarchewka Jack T. | ||
| 245 |
_aInformation technology project management: providing measurable organizational value. _bProviding measurable organizational value. |
||
| 250 | _a2 | ||
| 260 |
_aNew Delhi _bWiley India _c2007 |
||
| 300 | _aXXIII,374 | ||
| 650 | _aInformation Theory(003.54) | ||
| 999 |
_c189322 _d189322 |
||